000 00633nam a2200229Ia 4500
003 OSt
005 20220924143545.0
006 a|||||r|||| 00| 0
007 ta
008 220923b |||||||| |||| 00| 0 urd d
024 _a308968
037 _cTextual
040 _aARTS
_cARTS
_burd
041 _2urd
_aurd
082 _aO152,3N14x, 168P7
100 _aSingh Namita
_9216279
245 0 _aNamita Singh's short stories
_b The absurdity of communal riots
260 _c2007
650 _aHINDI LITERATURE
_923866
942 _hO152,3N14x, 168P7
_cTEXL
_2CC
999 _c454989
_d454989